| 000 | 00945nam a22002177a 4500 | ||
|---|---|---|---|
| 001 | EIF-II-1995-M2-017 | ||
| 003 | OSt | ||
| 005 | 20230104131540.0 | ||
| 008 | 230104b |||||||| |||| 00| 0 eng d | ||
| 040 |
_aFundación Jesús Pereda _cFundación Jesús Pereda |
||
| 041 | _aCastellano | ||
| 100 |
_aRuiz Carnicer, Miguel Ángel _9325 |
||
| 111 |
_aEncuentro de Investigadores del Franquismo _c(Alicante. _d1995. _n2º) _992 |
||
| 245 |
_aViolencia, represión y adaptación. _bF.E.T.-J.O.N.S., _f1943-1945 _c/Miguel Ángel Ruiz Carnicer |
||
| 610 | 0 |
_9306 _aFalange Española Tradicionalista y de las Juntas de Ofensiva Nacional Sindicalista (FET y de las JONS) |
|
| 650 | 0 |
_9145 _aRepresión |
|
| 650 | 0 |
_91173 _aViolencia |
|
| 773 |
_tActas del II Encuentro de Investigadores del Franquismo. Tomo 1 _g193-204 p. |
||
| 856 | _uhttps://bibliotecaccoocyl.fundacionjesuspereda.es/cgi-bin/koha/opac-retrieve-file.pl?id=51855de6d4409b232de467242adf703a | ||
| 942 |
_2ddc _cCF _n0 |
||
| 999 |
_c780 _d780 |
||